| 000 | 01675nam a2200421 a 4500 | ||
|---|---|---|---|
| 999 |
_c80974 _d80974 |
||
| 003 | BLK | ||
| 005 | 20231124112035.0 | ||
| 008 | 180408b bul|||||r ||||||| ||bul|| | ||
| 010 | _aKNG00085469000 | ||
| 020 | _a954-445-025-4 | ||
| 040 | _aBLK | ||
| 041 |
_aBUL _cBUL |
||
| 072 | 7 |
_2bullib _aЛ03 _xСебепознание. Мисловни техники. Психология. Парапсихология |
|
| 080 |
_aАфинитет, приятелство, любов, симпатия _b316.647.2 _z316.647.2 |
||
| 080 |
_b177.6/.7 _z177.6/.7 |
||
| 100 | 1 |
_aФром, Ерих _eпърви автор _9135079 |
|
| 139 |
_aФром, Ерих _bФ 86 |
||
| 245 | 1 | 0 |
_aИзкуството да обичаш _cЕрих Фром; прев. от англ. Владимир Цонев Ганев. |
| 257 | _aDEU | ||
| 260 |
_aСофия _bХристо Ботев _c1992 _fСофия : ПК _9210116 _n978-954-445- |
||
| 300 |
_a136 с. _c20 см |
||
| 380 | _a3 | ||
| 500 | _aОриг. загл. The art of Loving / Erich Fromm. | ||
| 650 | 4 |
_aЛюбов - социалнопсихологични проблеми _9257585 |
|
| 650 | 4 |
_aСоциално поведение _9248704 |
|
| 653 | _aлюбов | ||
| 653 | _aсоциално поведение | ||
| 659 | _aЛ | ||
| 700 | 1 |
_aГанев, Владимир Цонев _eпрев. от англ. _9366132 |
|
| 852 |
_aЦб 170886 _bЦб |
||
| 856 | 4 |
_qpdf _i0.00 _ldisable |
|
| 856 | 4 |
_qpdf _i0.00 _ldisable |
|
| 942 |
_cKNG _n0 _013 _s1 |
||
| 944 |
_aCR _c08.09.2008 _k30530 _lМинев Младен |
||
| 944 |
_aED _c20.01.2015 _kГеновева_Генчева |
||
| 999 | _d80974 | ||
| 999 | _d80974 | ||